[Event "Junior Online 4NCL Division 5"]
[Site "online"]
[Date "2020.05.07"]
[Round "4.182"]
[White "Patel-Davis, Riyan"]
[Black "Booy, Robbie"]
[Result "0-1"]
[WhiteElo "902"]
[BlackElo "1075"]
[PlyCount "38"]
[EventDate "2020.05.07"]
[WhiteTeam "Harrow Juniors G"]
[BlackTeam "St Albans Early Knights 4"]

1. e4 e5 2. Nf3 Nc6 3. Nc3 d6 4. Bb5 a6 5. Bxc6+ bxc6 6. d3 Bg4 7. Bg5 Qd7 8.
Nh4 Bxd1 9. Nxd1 d5 10. exd5 cxd5 11. O-O Qa4 12. b3 Qd4 13. b4 Bxb4 14. Rb1
Bc3 15. Be3 Qxh4 16. Nxc3 Nf6 17. g3 Qh3 18. f4 Ng4 19. Nxd5 Qxh2# 0-1

[Event "Junior Online 4NCL Division 5"]
[Site "online"]
[Date "2020.05.07"]
[Round "4.183"]
[White "Saporenkova, Rita"]
[Black "Wang, Xiling"]
[Result "0-1"]
[WhiteElo "1000"]
[BlackElo "925"]
[PlyCount "102"]
[EventDate "2020.05.07"]
[WhiteTeam "St Albans Early Knights 4"]
[BlackTeam "Harrow Juniors G"]

1. e4 e5 2. Bc4 Nc6 3. Qh5 g6 4. Qf3 Nf6 5. d3 d6 6. Bg5 Bg7 7. Nc3 b6 8. Nh3
O-O 9. O-O Nd4 10. Qd1 Nc6 11. Bxf6 Bxf6 12. Qg4 Bxg4 13. Nb5 Bxh3 14. gxh3 Bh4
15. c3 a6 16. Na3 b5 17. Bd5 Ra7 18. Bxc6 a5 19. Nc2 Ra6 20. Bxb5 Rb6 21. Bc4
Rb8 22. b4 axb4 23. cxb4 Rc8 24. d4 exd4 25. Nxd4 Re8 26. Rfe1 d5 27. exd5
Rxe1+ 28. Rxe1 Qf6 29. Nb3 Qxf2+ 30. Kh1 Qf3+ 31. Kg1 Bxe1 32. Nd4 Qxh3 33. Bf1
Qe3+ 34. Kg2 Qxd4 35. Kf3 Qf2+ 36. Ke4 Qxf1 37. Kd4 Bxb4 38. Ke5 Re8+ 39. Kd4
Qd1+ 40. Kc4 Bd6 41. Kb5 Bxh2 42. Kc5 Rd8 43. Kb5 Qxd5+ 44. Kb4 Ra8 45. Kc3
Rxa2 46. Kb4 Bd6+ 47. Kc3 Qd2+ 48. Kc4 Rc2+ 49. Kb3 Qd1 50. Ka4 Qb1 51. Ka5
Ra2# 0-1

[Event "Junior Online 4NCL Division 5"]
[Site "online"]
[Date "2020.05.07"]
[Round "4.184"]
[White "Patel, Ryan"]
[Black "Burke, Joshua"]
[Result "0-1"]
[WhiteElo "700"]
[BlackElo "917"]
[PlyCount "82"]
[EventDate "2020.05.07"]
[WhiteTeam "Harrow Juniors G"]
[BlackTeam "St Albans Early Knights 4"]

1. e4 e5 2. d4 d6 3. Nf3 Nf6 4. dxe5 Bg4 5. exf6 gxf6 6. h3 Bxf3 7. Qxf3 Bg7 8.
e5 fxe5 9. Qxb7 Nd7 10. Qf3 O-O 11. Qg3 Qf6 12. Bg5 Qg6 13. Bd3 f5 14. h4 Qh5
15. Qh3 h6 16. Bd2 e4 17. Be2 Bxb2 18. Bxh5 Bxa1 19. Qg3+ Kh8 20. Bc3+ Nf6 21.
Bxa1 Rab8 22. Kf1 Rxb1+ 23. Ke2 Rxh1 24. Bd4 Rb1 25. Qg6 c5 26. Bxf6+ Rxf6 27.
Qxf6+ Kh7 28. Qg6+ Kh8 29. Qxh6+ Kg8 30. Qe6+ Kh7 31. Qg6+ Kh8 32. Qg5 Rb7 33.
Bg6 Rg7 34. h5 Kg8 35. h6 c4 36. Bxf5 Rxg5 37. h7+ Kh8 38. a3 Rxf5 39. g4 Rd5
40. f4 Kxh7 41. f5 Kg7 0-1

[Event "Junior Online 4NCL Division 5"]
[Site "online"]
[Date "2020.05.07"]
[Round "4.186"]
[White "Booy, Robbie"]
[Black "Patel-Davis, Riyan"]
[Result "1-0"]
[WhiteElo "1075"]
[BlackElo "902"]
[PlyCount "121"]
[EventDate "2020.05.07"]
[WhiteTeam "St Albans Early Knights 4"]
[BlackTeam "Harrow Juniors G"]

1. e4 e5 2. Nf3 Nc6 3. d3 Bb4+ 4. c3 Bc5 5. Bg5 Nf6 6. d4 d6 7. dxc5 dxc5 8.
Qxd8+ Nxd8 9. Bb5+ c6 10. Ba4 b5 11. Bb3 c4 12. Bc2 Bg4 13. h3 Bxf3 14. gxf3
Ne6 15. Be3 c5 16. Bxc5 Nxc5 17. Nd2 O-O 18. O-O-O a5 19. Rhg1 Nb3+ 20. axb3 a4
21. bxa4 bxa4 22. Nxc4 a3 23. Nb6 a2 24. Kd2 Ra6 25. Ra1 Rd8+ 26. Kc1 Rda8 27.
Nxa8 Rxa8 28. Rd1 Nh5 29. Ba4 Nf4 30. Bc6 Rf8 31. Rxa2 Ne2+ 32. Kc2 Ng3 33. Ra8
Nh5 34. Rdd8 h6 35. Rxf8+ Kh7 36. Bd7 f6 37. Bf5+ g6 38. Rh8+ Kg7 39. Ra7+ Kxh8
40. Bxg6 Nf4 41. Bf5 Ne2 42. c4 Nd4+ 43. Kc3 Ne2+ 44. Kb4 Nd4 45. c5 Nc6+ 46.
Kb5 Nxa7+ 47. Kb6 Nc8+ 48. Bxc8 Kg8 49. c6 Kf8 50. Bf5 Ke8 51. c7 Kf7 52. c8=Q
h5 53. Qb7+ Kg8 54. Qa7 Kf8 55. Ka5 Ke8 56. b4 Kd8 57. b5 Ke8 58. b6 Kf8 59.
Qh7 Ke8 60. b7 Kd8 61. b8=Q# 1-0

[Event "Junior Online 4NCL Division 5"]
[Site "online"]
[Date "2020.05.07"]
[Round "4.188"]
[White "Burke, Joshua"]
[Black "Patel, Ryan"]
[Result "1-0"]
[WhiteElo "917"]
[BlackElo "700"]
[PlyCount "99"]
[EventDate "2020.05.07"]
[WhiteTeam "St Albans Early Knights 4"]
[BlackTeam "Harrow Juniors G"]

1. e4 d5 2. d3 dxe4 3. dxe4 Qxd1+ 4. Kxd1 Nf6 5. Nc3 Nc6 6. Nf3 e5 7. Bd3 Nd4
8. Nxd4 exd4 9. Nd5 c6 10. Nc7+ Kd8 11. Nxa8 Ng4 12. Rf1 Nxh2 13. Rh1 Ng4 14.
Ke1 Bb4+ 15. Bd2 Bxd2+ 16. Kxd2 Nxf2 17. Rh2 Nxd3 18. cxd3 Ke8 19. Rah1 g6 20.
Rxh7 Rf8 21. Rh8 Rxh8 22. Rxh8+ Kd7 23. b4 b6 24. b5 cxb5 25. Rh7 Bb7 26. Rxf7+
Ke8 27. Rxb7 b4 28. Rxa7 b5 29. Rb7 b3 30. axb3 Kd8 31. Rxb5 g5 32. e5 g4 33.
e6 Kc8 34. e7 Kd7 35. Rb7+ Kc8 36. Ra7 Kb8 37. e8=Q+ Kxa7 38. b4 Kb7 39. Qd7+
Kxa8 40. b5 Kb8 41. b6 Ka8 42. b7+ Ka7 43. b8=B+ Kxb8 44. g3 Ka8 45. Kc2 Kb8
46. Kb3 Ka8 47. Kb4 Kb8 48. Kb5 Ka8 49. Ka6 Kb8 50. Qb7# 1-0

[Event "Junior Online 4NCL Division 5"]
[Site "online"]
[Date "2020.05.07"]
[Round "4.191"]
[White "Morrison, Matthew"]
[Black "Patel, Aaron"]
[Result "1-0"]
[WhiteElo "1217"]
[BlackElo "1000"]
[PlyCount "57"]
[EventDate "2020.05.07"]
[WhiteTeam "Surbiton Juniors B"]
[BlackTeam "Harrow Juniors F"]

1. d4 d5 2. c4 c6 3. Nc3 Nf6 4. Nf3 Bf5 5. Bf4 e6 6. e3 Bb4 7. Qd2 Nbd7 8. Bd3
Bxd3 9. Qxd3 b6 10. O-O c5 11. a3 Bxc3 12. bxc3 cxd4 13. cxd4 Rc8 14. Rac1 O-O
15. h3 Re8 16. Rfe1 Ne4 17. Nd2 Nxd2 18. Qxd2 dxc4 19. Qb4 a5 20. Qa4 e5 21.
dxe5 Nxe5 22. Bxe5 Rxe5 23. Rxc4 b5 24. Rxc8 Qxc8 25. Qxa5 f6 26. a4 bxa4 27.
Qxa4 Qc3 28. Rb1 Ra5 29. Qe8# 1-0

[Event "Junior Online 4NCL Division 5"]
[Site "online"]
[Date "2020.05.07"]
[Round "4.192"]
[White "Pipalia, Ayush"]
[Black "Baguley, Rory"]
[Result "0-1"]
[WhiteElo "1022"]
[BlackElo "1187"]
[PlyCount "72"]
[EventDate "2020.05.07"]
[WhiteTeam "Harrow Juniors F"]
[BlackTeam "Surbiton Juniors B"]

1. d4 d5 2. Bf4 Nc6 3. Nf3 Nf6 4. Nc3 Nxd4 5. Nxd4 e5 6. Bxe5 Ng4 7. Bg3 Bc5 8.
e3 O-O 9. Bd3 Nf6 10. O-O Bg4 11. Be2 Bd7 12. Nf3 Bc6 13. h3 a5 14. Be5 Nd7 15.
Bh2 Qf6 16. Qd3 Rad8 17. h4 Nb6 18. Bxc7 Rd7 19. Bxb6 Bxb6 20. Ng5 g6 21. Bg4
Rdd8 22. Nf3 h5 23. Bh3 Rfe8 24. Rfe1 d4 25. exd4 Rxe1+ 26. Rxe1 Bxd4 27. Nxd4
Rxd4 28. Qe3 Rxh4 29. Qe8+ Bxe8 30. Rxe8+ Kh7 31. Nd5 Qxb2 32. Re7 Qxc2 33.
Rxf7+ Kg8 34. Rxb7 Qd1+ 35. Kh2 Qxd5 36. Re7 Qd6+ 0-1

[Event "Junior Online 4NCL Division 5"]
[Site "online"]
[Date "2020.05.07"]
[Round "4.193"]
[White "White, Alexander"]
[Black "Patel, Shailen"]
[Result "0-1"]
[WhiteElo "1255"]
[BlackElo "1060"]
[PlyCount "78"]
[EventDate "2020.05.07"]
[WhiteTeam "Surbiton Juniors B"]
[BlackTeam "Harrow Juniors F"]

1. e4 c5 2. d4 cxd4 3. Qxd4 Nc6 4. Qd1 e5 5. Bb5 a6 6. Bd3 Bc5 7. Be3 Bxe3 8.
fxe3 Nf6 9. Nc3 O-O 10. Nf3 d6 11. Bc4 Bg4 12. h3 Bxf3 13. gxf3 b5 14. Bd3 b4
15. Na4 Qa5 16. b3 Qb6 17. Nxb6 Rab8 18. Nc4 d5 19. Nd6 Rbd8 20. Nb7 Rb8 21.
Na5 Nxa5 22. Bxa6 Ra8 23. Bf1 Nc6 24. exd5 Na7 25. e4 Nh5 26. h4 Nf4 27. Qc1
Rac8 28. h5 h6 29. Bc4 Ng2+ 30. Kf1 Nf4 31. d6 Rfd8 32. d7 Rxd7 33. a3 Rcd8 34.
Be2 Nb5 35. axb4 Nc3 36. Kf2 Ncxe2 37. b5 Nxc1 38. Raxc1 Rd2+ 39. Ke3 Ng2# 0-1

[Event "Junior Online 4NCL Division 5"]
[Site "online"]
[Date "2020.05.07"]
[Round "4.194"]
[White "Horwood, Alexander"]
[Black "Thompson, Noah"]
[Result "0-1"]
[WhiteElo "1000"]
[BlackElo "1000"]
[PlyCount "46"]
[EventDate "2020.05.07"]
[WhiteTeam "Harrow Juniors F"]
[BlackTeam "Surbiton Juniors B"]

1. e4 e6 2. Nc3 Nc6 3. Nf3 Nf6 4. Bc4 d5 5. exd5 exd5 6. Bd3 Bc5 7. b3 Ng4 8.
Nxd5 Nxf2 9. Qe2+ Kf8 10. Bb2 Nxh1 11. Qf1 Qxd5 12. Qxh1 Qe6+ 13. Kf1 Nb4 14.
c3 Nxd3 15. Ne1 Nxb2 16. Rd1 Nxd1 17. Nc2 Nf2 18. Qg1 Ne4 19. Qxc5+ Nxc5 20. b4
Nd3 21. g4 Qxa2 22. Ne3 Qxd2 23. Nf5 Qf2# 0-1

[Event "Junior Online 4NCL Division 5"]
[Site "online"]
[Date "2020.05.07"]
[Round "4.195"]
[White "Patel, Aaron"]
[Black "Morrison, Matthew"]
[Result "0-1"]
[WhiteElo "1000"]
[BlackElo "1217"]
[PlyCount "132"]
[EventDate "2020.05.07"]
[WhiteTeam "Harrow Juniors F"]
[BlackTeam "Surbiton Juniors B"]

1. e4 e5 2. f4 d6 3. Nf3 Nf6 4. Nc3 Nbd7 5. d4 Ng4 6. fxe5 dxe5 7. dxe5 Ngxe5
8. Nxe5 Nxe5 9. Qxd8+ Kxd8 10. Bf4 Ng6 11. Be3 Be6 12. O-O-O+ Bd6 13. h4 Ke7
14. h5 Ne5 15. Nd5+ Bxd5 16. exd5 Rhe8 17. Bb5 c6 18. dxc6 Nxc6 19. Rhf1 Kf8
20. Bc4 Rxe3 21. Rxf7+ Ke8 22. Rxd6 Re1+ 23. Kd2 Rg1 24. Rxg7 Ne5 25. Bb5+ Kf8
26. Rxh7 Rxg2+ 27. Ke3 Rxc2 28. Rf6+ Kg8 29. Bd3 Ng4+ 30. Ke4 Nxf6+ 31. Kf5
Nxh7 32. Bxc2 Rf8+ 33. Ke6 Nf6 34. h6 a6 35. Ke7 b6 36. h7+ Nxh7 37. Bxh7+ Kg7
38. Bd3 Rf7+ 39. Ke6 Rf6+ 40. Ke5 a5 41. Bh7 Rf2 42. Be4 Rxb2 43. a4 b5 44.
axb5 Rxb5+ 45. Kd4 a4 46. Bd3 Rb8 47. Bc4 a3 48. Kc3 Kf6 49. Bb3 Ke7 50. Kc2
Kd6 51. Ba2 Kc5 52. Kc3 Rb2 53. Bb3 Rb1 54. Kc2 Rb2+ 55. Kc3 Kb5 56. Bc4+ Ka4
57. Bd3 Rh2 58. Kd4 a2 59. Kc3 a1=Q+ 60. Kc4 Rh4+ 61. Kc5 Qd4+ 62. Kc6 Qxd3 63.
Kc5 Qf5+ 64. Kc6 Rh6+ 65. Kc7 Qf7+ 66. Kd8 Rh8# 0-1

[Event "Junior Online 4NCL Division 5"]
[Site "online"]
[Date "2020.05.07"]
[Round "4.196"]
[White "Baguley, Rory"]
[Black "Pipalia, Ayush"]
[Result "1-0"]
[WhiteElo "1187"]
[BlackElo "1022"]
[PlyCount "33"]
[EventDate "2020.05.07"]
[WhiteTeam "Surbiton Juniors B"]
[BlackTeam "Harrow Juniors F"]

1. e4 e5 2. Nf3 Nc6 3. Bb5 Bc5 4. Nc3 Nf6 5. Bxc6 dxc6 6. Nxe5 Qd4 7. Nd3 Bb6
8. O-O Nxe4 9. Nxe4 Qxe4 10. b3 O-O 11. Ba3 Re8 12. Qh5 Bd4 13. Rae1 Qxe1 14.
Nxe1 Be6 15. Nf3 Bb6 16. Ng5 g6 17. Qxh7# 1-0

[Event "Junior Online 4NCL Division 5"]
[Site "online"]
[Date "2020.05.07"]
[Round "4.197"]
[White "Patel, Shailen"]
[Black "White, Alexander"]
[Result "1-0"]
[WhiteElo "1060"]
[BlackElo "1255"]
[PlyCount "30"]
[EventDate "2020.05.07"]
[WhiteTeam "Harrow Juniors F"]
[BlackTeam "Surbiton Juniors B"]

1. e4 d5 2. f3 e5 3. Nc3 dxe4 4. fxe4 h5 5. d3 Bg4 6. Be2 f5 7. Nf3 fxe4 8.
dxe4 Bd6 9. Bg5 Nf6 10. Qd3 Rf8 11. O-O-O Nc6 12. h3 Be6 13. Nb5 Nb4 14. Nxc7+
Qxc7 15. Qxd6 Qxc2# 1-0

[Event "Junior Online 4NCL Division 5"]
[Site "online"]
[Date "2020.05.07"]
[Round "4.198"]
[White "Thompson, Noah"]
[Black "Horwood, Alexander"]
[Result "1-0"]
[WhiteElo "1000"]
[BlackElo "1000"]
[PlyCount "39"]
[EventDate "2020.05.07"]
[WhiteTeam "Surbiton Juniors B"]
[BlackTeam "Harrow Juniors F"]

1. e4 e5 2. Nf3 Nf6 3. Nxe5 Nxe4 4. Qe2 Qe7 5. Qxe4 Qd8 6. Nc6+ Be7 7. Nxd8
Kxd8 8. Ba6 Bb4 9. Bxb7 Bxb7 10. Qxb7 Nc6 11. Qxa8+ Ke7 12. Qxh8 Ne5 13. O-O
Ng4 14. Re1+ Kd6 15. Re4 Nf6 16. Rxb4 Ke5 17. b3 Kf5 18. Qxg7 d5 19. Bb2 c5 20.
Qxf6# 1-0

[Event "Junior Online 4NCL Division 5"]
[Site "online"]
[Date "2020.05.07"]
[Round "4.201"]
[White "Hurst, Kate"]
[Black "Bailey, Matthew"]
[Result "1-0"]
[WhiteElo "1427"]
[BlackElo "1037"]
[PlyCount "127"]
[EventDate "2020.05.07"]
[WhiteTeam "Maid Marians 2"]
[BlackTeam "Surbiton Juniors C"]

1. e4 e5 2. Nf3 Nc6 3. Nc3 Nf6 4. Bc4 Be7 5. O-O O-O 6. d3 Nd4 7. Nxe5 d6 8.
Nf3 Bg4 9. Kh1 c6 10. h3 Be6 11. Bxe6 Nxe6 12. Be3 d5 13. e5 d4 14. exf6 Bxf6
15. Nxd4 Nxd4 16. Rb1 Bg5 17. Re1 Re8 18. Qd2 Bxe3 19. fxe3 Nb5 20. Nxb5 cxb5
21. e4 Qd7 22. Qf4 Rad8 23. Re3 Re7 24. Rg3 g6 25. Qh6 f6 26. Rf1 Re6 27. Rgf3
Qg7 28. Qf4 Rf8 29. Qe3 Rf7 30. Qxa7 Kf8 31. Qa3+ Ke8 32. Qa8+ Kd7 33. Qxb7+
Ke8 34. Qxb5+ Ke7 35. a4 Rf8 36. b4 Qf7 37. Qb7+ Ke8 38. Qxf7+ Kxf7 39. Rb1 Rb8
40. b5 Reb6 41. c4 Ke6 42. c5 R6b7 43. c6 Rc7 44. Rff1 Ke5 45. Rfc1 Kd6 46. Rc2
Rb6 47. a5 Rb8 48. b6 Re7 49. c7 Rc8 50. a6 Kd7 51. a7 Ree8 52. Ra2 f5 53. b7
Rxc7 54. a8=Q Rxa8 55. bxa8=Q fxe4 56. dxe4 Kd6 57. Qd5+ Ke7 58. Rd1 Rd7 59.
Qb3 Rxd1+ 60. Qxd1 Kf6 61. Qd6+ Kg5 62. Qg3+ Kh6 63. h4 Kh5 64. Qg5# 1-0

[Event "Junior Online 4NCL Division 5"]
[Site "online"]
[Date "2020.05.07"]
[Round "4.202"]
[White "Broux, Tristan"]
[Black "Pannu, Mya"]
[Result "0-1"]
[WhiteElo "955"]
[BlackElo "1232"]
[PlyCount "56"]
[EventDate "2020.05.07"]
[WhiteTeam "Surbiton Juniors C"]
[BlackTeam "Maid Marians 2"]

1. Nf3 d5 2. Nc3 Nc6 3. d4 Bf5 4. e3 Nf6 5. Ne5 Ne4 6. Nxc6 bxc6 7. b4 Nxc3 8.
Qd2 Ne4 9. Qe2 Qb8 10. f3 Qxb4+ 11. Bd2 Nxd2 12. Qxd2 Qb2 13. Rd1 Bxc2 14. Rc1
Qxa2 15. Rxc2 Qb1+ 16. Rc1 Qb3 17. g3 e6 18. Bh3 Bb4 19. Rc2 Bxd2+ 20. Rxd2
Qb1+ 21. Rd1 Qb4+ 22. Kf1 Qc4+ 23. Kg1 Rb8 24. g4 Rb2 25. f4 Qc2 26. Rf1 Qd3
27. g5 Qxe3+ 28. Rf2 Qxf2# 0-1

[Event "Junior Online 4NCL Division 5"]
[Site "online"]
[Date "2020.05.07"]
[Round "4.203"]
[White "Hariharan, Shambavi"]
[Black "Rabie, Jamie"]
[Result "1-0"]
[WhiteElo "1060"]
[BlackElo "1000"]
[PlyCount "31"]
[EventDate "2020.05.07"]
[WhiteTeam "Maid Marians 2"]
[BlackTeam "Surbiton Juniors C"]

1. d4 d5 2. Bf4 Nc6 3. Nf3 Nf6 4. e3 Bg4 5. Nbd2 Bxf3 6. Nxf3 e6 7. c4 dxc4 8.
Bxc4 Bb4+ 9. Nd2 O-O 10. a3 Bxd2+ 11. Qxd2 Ne4 12. Qc2 Qh4 13. Qxe4 Na5 14. d5
Qd8 15. Bd3 exd5 16. Qxh7# 1-0

[Event "Junior Online 4NCL Division 5"]
[Site "online"]
[Date "2020.05.07"]
[Round "4.204"]
[White "Tran, Joseph"]
[Black "Pitts, Hannah"]
[Result "1-0"]
[WhiteElo "737"]
[BlackElo "1037"]
[PlyCount "69"]
[EventDate "2020.05.07"]
[WhiteTeam "Surbiton Juniors C"]
[BlackTeam "Maid Marians 2"]

1. e4 e5 2. Nf3 Nc6 3. Nc3 Nf6 4. d3 Bb4 5. Be3 Bxc3+ 6. bxc3 d6 7. d4 Bg4 8.
Bb5 a6 9. Bc4 b5 10. Bd5 Qd7 11. Bxc6 Qxc6 12. h3 Bxf3 13. gxf3 Qd7 14. Bg5 h6
15. Bxf6 gxf6 16. Rg1 Qxh3 17. Rg3 Qd7 18. Rg7 a5 19. Rg4 f5 20. exf5 Qxf5 21.
Re4 d5 22. Rxe5+ Kd7 23. Rxf5 Rhe8+ 24. Re5 Kd6 25. Re3 Rxe3+ 26. fxe3 Re8 27.
Qe2 Kd7 28. f4 f5 29. Qxb5+ Ke7 30. Qxa5 Kf8 31. Ke2 Ke7 32. Qxc7+ Kf8 33. Qh7
h5 34. Rg1 h4 35. Qg7# 1-0

[Event "Junior Online 4NCL Division 5"]
[Site "online"]
[Date "2020.05.07"]
[Round "4.205"]
[White "Bailey, Matthew"]
[Black "Hurst, Kate"]
[Result "0-1"]
[WhiteElo "1037"]
[BlackElo "1427"]
[PlyCount "100"]
[EventDate "2020.05.07"]
[WhiteTeam "Surbiton Juniors C"]
[BlackTeam "Maid Marians 2"]

1. e4 d5 2. exd5 Qxd5 3. Nc3 Qd6 4. Nf3 Nf6 5. d4 a6 6. g3 Nc6 7. Bg2 Bg4 8.
O-O e6 9. Qd2 O-O-O 10. Rd1 h5 11. d5 Nxd5 12. Nxd5 Qxd5 13. Qxd5 Rxd5 14. Rxd5
exd5 15. h3 Be6 16. b3 Be7 17. c4 dxc4 18. Rb1 cxb3 19. axb3 g5 20. Nd2 Nd4 21.
Kf1 Rd8 22. Be4 Nf5 23. g4 hxg4 24. hxg4 Nd4 25. f3 Nb5 26. Bd3 Nc3 27. Bc2
Nxb1 28. Bxb1 Bb4 29. Ne4 Rd1+ 30. Ke2 Rxc1 31. Bd3 Be7 32. Kd2 Rc6 33. Bc2 Rb6
34. Nc5 Bxc5 35. Kc3 f5 36. gxf5 Bf7 37. Bd1 Rf6 38. Bc2 Bd5 39. Kb2 Bxf3 40.
Bd3 g4 41. Kc2 g3 42. Kd2 g2 43. Ke1 g1=Q+ 44. Bf1 Bg2 45. Kd2 Qxf1 46. Kc3
Qf3+ 47. Kc4 Qd5+ 48. Kc3 Qd4+ 49. Kc2 Be4+ 50. Kc1 Ba3# 0-1

[Event "Junior Online 4NCL Division 5"]
[Site "online"]
[Date "2020.05.07"]
[Round "4.206"]
[White "Pannu, Mya"]
[Black "Broux, Tristan"]
[Result "1-0"]
[WhiteElo "1232"]
[BlackElo "955"]
[PlyCount "81"]
[EventDate "2020.05.07"]
[WhiteTeam "Maid Marians 2"]
[BlackTeam "Surbiton Juniors C"]

1. d4 d5 2. Nf3 Nf6 3. e3 e6 4. Bd3 Bd6 5. b3 b6 6. Bb2 Bb7 7. Nbd2 Nbd7 8. O-O
O-O 9. Qe2 Qe7 10. Rfe1 Rfe8 11. e4 dxe4 12. Nxe4 Nxe4 13. Bxe4 Bxe4 14. Qxe4
Nf6 15. Qg4 Nxg4 16. d5 exd5 17. Rxe7 Bxe7 18. Rd1 Bd6 19. Rxd5 Bxh2+ 20. Nxh2
Nxh2 21. Kxh2 Re7 22. Rg5 g6 23. f4 f5 24. Bf6 Re6 25. Bd4 Rae8 26. g4 fxg4 27.
f5 Re2+ 28. Kg3 R8e3+ 29. Kh4 Rh2+ 30. Kxg4 Rg2+ 31. Kf4 Ree2 32. Rxg2 Rxg2 33.
f6 Rf2+ 34. Ke5 Rxc2 35. Ke6 Re2+ 36. Be5 h5 37. f7+ Kf8 38. Kf6 h4 39. Bxc7 h3
40. Bd6+ Re7 41. Bxe7# 1-0

[Event "Junior Online 4NCL Division 5"]
[Site "online"]
[Date "2020.05.07"]
[Round "4.207"]
[White "Rabie, Jamie"]
[Black "Hariharan, Shambavi"]
[Result "0-1"]
[WhiteElo "1000"]
[BlackElo "1060"]
[PlyCount "38"]
[EventDate "2020.05.07"]
[WhiteTeam "Surbiton Juniors C"]
[BlackTeam "Maid Marians 2"]

1. e4 c6 2. d4 d5 3. Nc3 dxe4 4. Nxe4 Bf5 5. Bd3 e6 6. Bg5 Nf6 7. Bxf6 gxf6 8.
Nf3 Rg8 9. O-O Bh3 10. Nh4 f5 11. Ng3 Qxh4 12. gxh3 Qxh3 13. Re1 f4 14. Be4
fxg3 15. fxg3 Bd6 16. Kf2 Qxh2+ 17. Bg2 Bxg3+ 18. Kf1 Bxe1 19. Qxe1 Qxg2# 0-1

[Event "Junior Online 4NCL Division 5"]
[Site "online"]
[Date "2020.05.07"]
[Round "4.208"]
[White "Pitts, Hannah"]
[Black "Tran, Joseph"]
[Result "1/2-1/2"]
[WhiteElo "1037"]
[BlackElo "737"]
[PlyCount "130"]
[EventDate "2020.05.07"]
[WhiteTeam "Maid Marians 2"]
[BlackTeam "Surbiton Juniors C"]

1. d4 e6 2. e4 Bb4+ 3. Nc3 Bxc3+ 4. bxc3 d5 5. Bb5+ c6 6. Bd3 f5 7. exf5 exf5
8. Qe2+ Ne7 9. Ba3 Nd7 10. Bxe7 Qxe7 11. Qxe7+ Kxe7 12. Nf3 Nf6 13. O-O Ng4 14.
Nh4 Kf6 15. Bxf5 Bxf5 16. Nxf5 Kxf5 17. h3 Nf6 18. g4+ Kg5 19. Rfe1 Rhe8 20.
Kf1 Rad8 21. Rab1 Rb8 22. Rb4 Rbd8 23. Rxb7 Rd7 24. Rb4 Rde7 25. Rbb1 Ne4 26.
f3 Nxc3 27. Rbc1 Nxa2 28. Ra1 Nc3 29. Rxe7 Rxe7 30. Re1 Rb7 31. Kf2 Rb2 32. Kg3
Rxc2 33. Rg1 Ne2+ 34. Kg2 Nxg1+ 35. Kxg1 a5 36. Kf1 a4 37. Ke1 a3 38. Kd1 Rb2
39. Kc1 Ra2 40. Kb1 Rb2+ 41. Ka1 g6 42. h4+ Kxh4 43. f4 Rh2 44. f5 gxf5 45.
gxf5 Rf2 46. f6 Rxf6 47. Ka2 Rf3 48. Ka1 Rb3 49. Ka2 Rb2+ 50. Kxa3 Rb5 51. Ka4
h5 52. Ka3 c5 53. Ka4 Rb4+ 54. Ka3 Rxd4 55. Kb3 c4+ 56. Kc3 Rd3+ 57. Kb4 Rb3+
58. Kc5 Kg4 59. Kxd5 Rb4 60. Kc5 Ra4 61. Kd4 h4 62. Ke3 h3 63. Kf2 h2 64. Kg2
Ra2+ 65. Kh1 c3 1/2-1/2

[Event "Junior Online 4NCL Division 5"]
[Site "online"]
[Date "2020.05.07"]
[Round "4.211"]
[White "Sheehy, Lewis"]
[Black "Wang, Nathaniel"]
[Result "1-0"]
[WhiteElo "1037"]
[BlackElo "1202"]
[PlyCount "81"]
[EventDate "2020.05.07"]
[WhiteTeam "Manchester Juniors C"]
[BlackTeam "Robin Hoods 5"]

1. e4 c5 2. c3 d6 3. d4 Nc6 4. d5 Ne5 5. f4 Ng6 6. Bb5+ Bd7 7. Qa4 Nf6 8. f5
Nf4 9. Bxf4 Nxe4 10. Bxd7+ Qxd7 11. Qxe4 O-O-O 12. Nf3 g6 13. fxg6 hxg6 14. Ng5
f5 15. Qe6 Qxe6+ 16. Nxe6 Rd7 17. Nxf8 Rxf8 18. O-O e5 19. dxe6 Rh7 20. Bxd6
Rd8 21. Bxc5 Rdh8 22. Bd4 Re8 23. Re1 g5 24. Bf6 g4 25. e7 f4 26. Nd2 Kd7 27.
Rad1 g3 28. Ne4+ Kc6 29. hxg3 fxg3 30. Rd8 Reh8 31. Rxh8 Rh2 32. e8=Q+ Kd5 33.
Qd8+ Kc4 34. Rxh2 gxh2+ 35. Kxh2 b5 36. Nd6+ Kd3 37. Nxb5+ Kc2 38. Re2+ Kc1 39.
b4 a5 40. bxa5 Kb1 41. Qd1# 1-0

[Event "Junior Online 4NCL Division 5"]
[Site "online"]
[Date "2020.05.07"]
[Round "4.212"]
[White "Keenan, Isaac"]
[Black "Morgan, Alice"]
[Result "1-0"]
[WhiteElo "1180"]
[BlackElo "1000"]
[PlyCount "61"]
[EventDate "2020.05.07"]
[WhiteTeam "Robin Hoods 5"]
[BlackTeam "Manchester Juniors C"]

1. d4 e6 2. Bf4 Nc6 3. Nf3 Nf6 4. e3 Bd6 5. Bg3 O-O 6. c3 b6 7. Bd3 Bb7 8. Qc2
Rb8 9. Nbd2 Nh5 10. O-O-O Qf6 11. Bh4 Qh6 12. Bg5 Qxg5 13. Nxg5 Nf6 14. Bxh7+
Kh8 15. Bd3 Na5 16. h4 Bd5 17. b3 Ba3+ 18. Kb1 Bxb3 19. axb3 b5 20. h5 b4 21.
h6 bxc3 22. hxg7+ Kxg7 23. Nde4 Nxe4 24. Bxe4 Rxb3+ 25. Ka2 Bb4 26. Rh7+ Kf6
27. Rdh1 Rb8 28. R1h6+ Kxg5 29. f4+ Kg4 30. Bf3+ Kg3 31. Rg7# 1-0

[Event "Junior Online 4NCL Division 5"]
[Site "online"]
[Date "2020.05.07"]
[Round "4.213"]
[White "Winser, Frederick"]
[Black "Babu, Guhan"]
[Result "0-1"]
[WhiteElo "947"]
[BlackElo "1105"]
[PlyCount "84"]
[EventDate "2020.05.07"]
[WhiteTeam "Manchester Juniors C"]
[BlackTeam "Robin Hoods 5"]

1. e4 e5 2. Nf3 Nc6 3. Nc3 Bc5 4. d3 Nf6 5. Be2 d6 6. O-O O-O 7. Be3 Ng4 8.
Bxc5 dxc5 9. h3 Nh6 10. Na4 b6 11. Qd2 Nd4 12. Nxd4 cxd4 13. Rac1 Qf6 14. c3
Qg6 15. g4 f5 16. exf5 Nxf5 17. Bf3 Rb8 18. Be4 Bb7 19. Kh2 Bxe4 20. dxe4 Nh4
21. Kh1 Qxe4+ 22. f3 Nxf3 23. Qg2 Rf7 24. cxd4 exd4 25. Nc3 dxc3 26. Rxc3 Rbf8
27. b4 a6 28. b5 axb5 29. Rcxf3 Rxf3 30. Rxf3 Rxf3 31. Kg1 Qe1+ 32. Kh2 Rf2 33.
Qxf2 Qxf2+ 34. Kh1 Qxa2 35. h4 Qd5+ 36. Kg1 b4 37. g5 b3 38. h5 b2 39. h6 b1=Q+
40. Kh2 Qdd3 41. g6 Qb2+ 42. Kh1 Qd1# 0-1

[Event "Junior Online 4NCL Division 5"]
[Site "online"]
[Date "2020.05.07"]
[Round "4.214"]
[White "Ying, Alexander"]
[Black "Parker, James"]
[Result "0-1"]
[WhiteElo "1097"]
[BlackElo "887"]
[PlyCount "52"]
[EventDate "2020.05.07"]
[WhiteTeam "Robin Hoods 5"]
[BlackTeam "Manchester Juniors C"]

1. e4 e5 2. Nf3 Nc6 3. Bc4 Nf6 4. d3 Bb4+ 5. Bd2 O-O 6. Bxb4 Nxb4 7. O-O d6 8.
Nc3 Nc6 9. Nd5 Be6 10. Nxf6+ Qxf6 11. Bxe6 Qxe6 12. Ng5 Qg6 13. Qg4 h6 14. Qd7
Nb8 15. Qxc7 hxg5 16. Qxb7 g4 17. Qxa8 Nd7 18. Qxa7 Nf6 19. Qa5 g3 20. hxg3 Qh6
21. Rfe1 Ng4 22. Rad1 Qh2+ 23. Kf1 Qh1+ 24. Ke2 Qh6 25. f3 Qe3+ 26. Kf1 Qf2#
0-1

[Event "Junior Online 4NCL Division 5"]
[Site "online"]
[Date "2020.05.07"]
[Round "4.215"]
[White "Wang, Nathaniel"]
[Black "Sheehy, Lewis"]
[Result "0-1"]
[WhiteElo "1202"]
[BlackElo "1037"]
[PlyCount "44"]
[EventDate "2020.05.07"]
[WhiteTeam "Robin Hoods 5"]
[BlackTeam "Manchester Juniors C"]

1. e4 e5 2. Nf3 Nc6 3. d4 exd4 4. Bc4 Nf6 5. O-O Bc5 6. c3 dxc3 7. Nxc3 O-O 8.
Re1 Bb4 9. e5 Ng4 10. a3 Bxc3 11. bxc3 d6 12. exd6 cxd6 13. Qd3 Qb6 14. Be3
Nxe3 15. Rxe3 Qb2 16. Rb1 Qxa3 17. Ng5 g6 18. Rbe1 Ne5 19. f4 Nxd3 20. Re8 Qxc3
21. Bxf7+ Kg7 22. Rxf8 Qxe1# 0-1

[Event "Junior Online 4NCL Division 5"]
[Site "online"]
[Date "2020.05.07"]
[Round "4.216"]
[White "Morgan, Alice"]
[Black "Keenan, Isaac"]
[Result "1/2-1/2"]
[WhiteElo "1000"]
[BlackElo "1180"]
[PlyCount "31"]
[EventDate "2020.05.07"]
[WhiteTeam "Manchester Juniors C"]
[BlackTeam "Robin Hoods 5"]

1. e4 e5 2. Bc4 Nf6 3. Nf3 Nc6 4. b3 g6 5. O-O Bg7 6. a4 O-O 7. Bb2 d6 8. Na3
Qe7 9. Qe2 Be6 10. Bxe6 Qxe6 11. Nb5 Qd7 12. Qc4 a6 13. Na3 b5 14. Qd3 b4 15.
Nc4 Qe6 16. Rfe1 1/2-1/2